000 01046nam a2200277Ia 4500
001 Para_3124
003 CHAP
008 220125s1986 xx 000 0 und d
010 _a201572
040 _cCHAP
090 _aPA TESIS 357
100 _aVillanueva Marrufo, Alfonso E.
_9119501
245 _aPrueba de insecticidas para el control de la broca del grano de café Hypothenemus hampei (Ferrari) (Coleóptera Scolytidae) en el Soconusco, Chiapas /
_c Alfonso E. Villanueva Marrufo
260 _aChapingo, Méx. :
_b El autor
300 _a94 h.
502 _aTesis (Ing. Agr. Esp. en Parasitología Agrícola) -- UACh. Departamento de Parasitología Agrícola
650 _aCafé
_x Chiapas Café
_x Plagas Stephanoderes hampei Insecticidas
_x Análisis
_9166492
710 _aUACh. Departamento de Parasitología Agrícola
_9115877
901 _aPA TESIS 357
902 _aA
905 _a0000001986 CHAib 0000000000 00
910 _a1986
942 _cPARA
942 _cPARA
_d1
999 _c201572
_d201572